[Event "Mislata op-C 53rd"]
[Site "Mislata"]
[Date "2019.08.24"]
[Round "8"]
[White "Farnault, Eric"]
[Black "Gregori Garcia, Carles"]
[Result "1/2-1/2"]
[WhiteElo "1872"]
[BlackElo "1713"]
[PlyCount "85"]
[EventDate "2019.08.19"]
[EventType "swiss"]
[EventRounds "9"]
[EventCountry "ESP"]
[SourceTitle "EXT 2021"]
[Source "ChessBase"]
[SourceDate "2020.10.23"]
[SourceVersion "1"]
[SourceVersionDate "2020.10.23"]
[SourceQuality "1"]

1. e4 e5 2. Nf3 Nf6 3. Nxe5 d6 4. Nf3 Nxe4 5. Nc3 Nxc3 6. dxc3 Be7 7. Be3 Nc6 8. Qd2 Be6 9. 0-0-0 Qd7 10. Kb1 a6 11. Ng5 0-0-0 12. Nxe6 fxe6 13. g3 Bf6 14. f4 d5 15. Bh3 Rhe8 16. Rhe1 Na5 17. Bd4 Nc4 18. Qc1 b6 19. b3 Nd6 20. Bxf6 gxf6 21. Rxd5 f5 22. Rd3 Qc6 23. Qe3 Ne4 24. c4 Kb8 25. Kb2 Qc5 26. Bg2 Rxd3 27. cxd3 Qxe3 28. Rxe3 Nf2 29. Bf3 e5 30. Kc2 e4 31. dxe4 fxe4 32. Bg2 h6 33. h3 Rg8 34. g4 Rf8 35. f5 h5 36. Re2 e3 37. Rxe3 hxg4 38. hxg4 Nxg4 39. Rg3 Nh6 40. Kc3 Nxf5 41. Rf3 Rg8 42. Bh3 Nd6 43. Be6 1/2-1/2

[Event "Francophone-ch rapid 3rd"]
[Site "Geneve"]
[Date "2016.07.02"]
[Round "1"]
[White "Farnault, Eric"]
[Black "Berend, Fred"]
[Result "0-1"]
[WhiteElo "1936"]
[BlackElo "2328"]
[PlyCount "78"]
[EventDate "2016.07.02"]
[EventType "swiss (rapid)"]
[EventRounds "15"]
[EventCountry "SUI"]
[SourceTitle "CBM 173 Extra"]
[Source "ChessBase"]
[SourceDate "2016.08.29"]
[SourceVersion "1"]
[SourceVersionDate "2016.08.29"]
[SourceQuality "1"]

1. e4 c5 2. Nf3 Nc6 3. d4 cxd4 4. Nxd4 e6 5. Nxc6 bxc6 6. Bd3 d5 7. 0-0 Nf6 8. Re1 Be7 9. Nd2 a5 10. c4 0-0 11. b3 a4 12. Bb2 a3 13. Bc3 d4 14. Bxd4 Qxd4 15. Nf3 Qd7 16. Qc2 Ne8 17. Rad1 Qa7 18. e5 g6 19. Qd2 Ng7 20. Qh6 Nf5 21. Bxf5 exf5 22. Ng5 Bxg5 23. Qxg5 Re8 24. h4 Qe7 25. Qf4 Kg7 26. Rd3 Ra5 27. Rde3 Be6 28. h5 g5 29. h6+ Kg6 30. Rg3 Rg8 31. Ree3 Kxh6 32. Rh3+ Kg7 33. Qh2 Rh8 34. Rh6 f4 35. Rd3 Rxe5 36. Qh5 f6 37. Rh3 Bxh3 38. Qxh3 g4 39. Qh4 Rg5 0-1

[Event "Berlin Lichtenberger op 14th"]
[Site "Berlin"]
[Date "2015.08.19"]
[Round "5"]
[White "Geldner, Gerrit"]
[Black "Farnault, Eric"]
[Result "1-0"]
[WhiteElo "1777"]
[BlackElo "2032"]
[PlyCount "97"]
[EventDate "2015.08.15"]
[EventType "swiss"]
[EventRounds "9"]
[EventCountry "GER"]
[SourceTitle "EXT 2016"]
[Source "ChessBase"]
[SourceDate "2015.10.08"]
[SourceVersion "1"]
[SourceVersionDate "2015.10.08"]
[SourceQuality "1"]

1. c4 b6 2. Nc3 Bb7 3. Nf3 e6 4. d4 Nf6 5. Bf4 Bb4 6. Qc2 Ne4 7. e3 0-0 8. Be2 d6 9. 0-0 Bxc3 10. bxc3 Nd7 11. Nd2 Nxd2 12. Qxd2 f5 13. f3 e5 14. Bg3 Qe7 15. Bd3 Qf7 16. Qc2 a5 17. Bf2 Qh5 18. d5 Rf6 19. f4 Rh6 20. Bg3 e4 21. Be2 Qg6 22. Qd2 Nc5 23. Rad1 Qe8 24. Qc2 Ba6 25. Rd4 Rf6 26. h3 Rh6 27. Kh2 Nd7 28. Qd2 Nf6 29. Rb1 Qg6 30. Qe1 Re8 31. Qd2 Ng4+ 32. Kg1 Nf6 33. Kh2 Nh5 34. Qe1 Nxg3 35. Qxg3 Qf7 36. Qf2 Qd7 37. Qe1 Kh8 38. Qf2 Rg8 39. Rf1 Qa4 40. c5 Qxa2 41. Bxa6 Qxf2 42. Rxf2 dxc5 43. Rd1 Rb8 44. Bb5 Rd6 45. c4 Rbd8 46. Rg1 Rh6 47. g4 fxg4 48. Rxg4 Rf6 49. Rg5 1-0

[Event "Berlin Lichtenberger op 14th"]
[Site "Berlin"]
[Date "2015.08.15"]
[Round "1"]
[White "Weiss, Daniel"]
[Black "Farnault, Eric"]
[Result "1/2-1/2"]
[WhiteElo "1741"]
[BlackElo "2032"]
[PlyCount "87"]
[EventDate "2015.08.15"]
[EventType "swiss"]
[EventRounds "9"]
[EventCountry "GER"]
[SourceTitle "EXT 2016"]
[Source "ChessBase"]
[SourceDate "2015.10.08"]
[SourceVersion "1"]
[SourceVersionDate "2015.10.08"]
[SourceQuality "1"]

1. d4 d5 2. Nf3 c5 3. c3 Nc6 4. Bf4 cxd4 5. cxd4 Qb6 6. Nc3 Nf6 7. Na4 Qb4+ 8. Bd2 Qd6 9. e3 Bg4 10. Be2 e6 11. Nc5 Qc7 12. b4 a6 13. h3 Bh5 14. g4 Bg6 15. Rc1 Bd6 16. Nh4 Be4 17. Bf3 Qe7 18. g5 Bxf3 19. Qxf3 Ne4 20. Nxe4 dxe4 21. Qxe4 Nxb4 22. a3 Nd5 23. Nf5 exf5 24. Qxd5 0-0 25. Qxf5 Bxa3 26. Rc4 b5 27. Rc6 Bb4 28. h4 Rad8 29. Bxb4 Qxb4+ 30. Ke2 Qb3 31. Rhc1 a5 32. R1c5 g6 33. Rxb5 Qa4 34. Qc5 Rfe8 35. Rxa5 Qxd4 36. Qxd4 Rxd4 37. h5 gxh5 38. Rh6 Rh4 39. Rf5 Kg7 40. Rhf6 Re7 41. Kf1 Rg4 42. Rh6 Rxg5 43. Rxh5 Rxf5 44. Rxf5 1/2-1/2

[Event "San Sebastian op 38th"]
[Site "San Sebastian"]
[Date "2015.03.29"]
[Round "3"]
[White "Sanchez Saez, Francisco"]
[Black "Farnault, Eric"]
[Result "1/2-1/2"]
[WhiteElo "2281"]
[BlackElo "2007"]
[PlyCount "40"]
[EventDate "2015.03.28"]
[EventType "swiss"]
[EventRounds "9"]
[EventCountry "ESP"]
[SourceTitle "CBM 165 Extra"]
[Source "ChessBase"]
[SourceDate "2015.04.21"]
[SourceVersion "1"]
[SourceVersionDate "2015.04.21"]
[SourceQuality "1"]

1. Nf3 Nf6 2. c4 b6 3. b3 Bb7 4. Bb2 e6 5. d4 Bb4+ 6. Nc3 Ne4 7. Qc2 Qf6 8. a3 Bxc3+ 9. Bxc3 Nxc3 10. Qxc3 c5 11. 0-0-0 Nc6 12. e3 0-0 13. Qb2 cxd4 14. Nxd4 Nxd4 15. Rxd4 d5 16. Rf4 Qxb2+ 17. Kxb2 Rac8 18. Rd4 Rfd8 19. f3 Rf8 20. Rd2 e5 1/2-1/2

[Event "Cap d'Agde Cavalier op"]
[Site "Cap d'Agde"]
[Date "2008.10.25"]
[Round "1"]
[White "Ignjatovic, Miroslav"]
[Black "Farnault, Eric"]
[Result "0-1"]
[WhiteElo "1860"]
[BlackElo "2096"]
[PlyCount "44"]
[EventDate "2008.10.25"]
[EventType "swiss"]
[EventRounds "9"]
[EventCountry "FRA"]
[SourceTitle "EXT 2010"]
[Source "ChessBase"]
[SourceDate "2010.11.25"]
[SourceVersion "1"]
[SourceVersionDate "2010.11.25"]
[SourceQuality "1"]

1. e4 d5 2. exd5 Qxd5 3. Nc3 Qd8 4. d4 g6 5. Bf4 Bg7 6. Be5 Nf6 7. Qf3 0-0 8. h3 c6 9. 0-0-0 Qa5 10. Bc4 Nbd7 11. Bf4 Nb6 12. Bb3 Nbd5 13. Bd2 Nxc3 14. Bxc3 Qc7 15. Bd2 a5 16. Bf4 Qd8 17. Be5 a4 18. Bc4 Bf5 19. Bd3 Be6 20. c4 h5 21. Qe2 Qa5 22. Nf3 a3 0-1

[Event "Calvi Balagne op 04th"]
[Site "Calvi"]
[Date "2007.02.28"]
[Round "5"]
[White "Sulava, Nenad"]
[Black "Farnault, Eric"]
[Result "1-0"]
[WhiteElo "2537"]
[BlackElo "2074"]
[PlyCount "77"]
[EventDate "2007.02.26"]
[EventType "swiss"]
[EventRounds "7"]
[EventCountry "FRA"]
[SourceTitle "CBM 117 Extra"]
[Source "ChessBase"]
[SourceDate "2007.05.09"]
[SourceVersion "1"]
[SourceVersionDate "2007.05.09"]
[SourceQuality "1"]

1. Nf3 d5 2. d4 Nf6 3. c4 dxc4 4. e3 Bg4 5. Nbd2 e6 6. Nxc4 Nbd7 7. Be2 Be7 8. a3 c5 9. h3 Bh5 10. 0-0 0-0 11. Bd2 Ne4 12. Be1 Rc8 13. d5 e5 14. g4 Bg6 15. Nfxe5 Nxe5 16. Nxe5 Bf6 17. Nxg6 hxg6 18. f3 Ng5 19. Kg2 Bxb2 20. Rb1 Bxa3 21. Rxb7 c4 22. Bc3 Bc5 23. e4 Nh7 24. e5 Re8 25. d6 Rb8 26. Rxb8 Qxb8 27. Bxc4 Qb7 28. Qd5 Qxd5 29. Bxd5 Nf8 30. f4 Rc8 31. Rf3 Ne6 32. Bxe6 fxe6 33. Ba5 Bb6 34. Bxb6 axb6 35. Rb3 Rb8 36. d7 Kf7 37. Rxb6 Rd8 38. Rd6 Ke7 39. Kg3 1-0

[Event "Calvi Balagne op 04th"]
[Site "Calvi"]
[Date "2007.02.27"]
[Round "2"]
[White "Farnault, Eric"]
[Black "Wang, Yue"]
[Result "0-1"]
[WhiteElo "2074"]
[BlackElo "2644"]
[PlyCount "150"]
[EventDate "2007.02.26"]
[EventType "swiss"]
[EventRounds "7"]
[EventCountry "FRA"]
[SourceTitle "CBM 117 Extra"]
[Source "ChessBase"]
[SourceDate "2007.05.09"]
[SourceVersion "1"]
[SourceVersionDate "2007.05.09"]
[SourceQuality "1"]

1. e4 c5 2. Nf3 d6 3. d4 cxd4 4. Nxd4 Nf6 5. Nc3 a6 6. Rg1 e5 7. Nb3 Be6 8. g4 d5 9. exd5 Nxd5 10. Nxd5 Bxd5 11. Be3 Nc6 12. Qd2 Rc8 13. 0-0-0 Nb4 14. c4 Be6 15. Qxd8+ Rxd8 16. Rxd8+ Kxd8 17. a3 Nc6 18. Nc5 Bxc5 19. Bxc5 Kc7 20. Kc2 Rd8 21. Be2 Nd4+ 22. Bxd4 Rxd4 23. b3 a5 24. Kc3 Re4 25. Kd3 Rd4+ 26. Kc3 Re4 27. Kd3 Rf4 28. f3 a4 29. Kc3 axb3 30. Kxb3 e4 31. Rg3 exf3 32. Rxf3 Bxc4+ 33. Kc3 Rxf3+ 34. Bxf3 Bb5 35. g5 Bc6 36. Bg4 Kd6 37. Kd4 f6 38. gxf6 gxf6 39. Bf5 h6 40. Bc8 Kc7 41. Bg4 Kb6 42. Kc4 Ka5 43. Bd1 Ba4 44. Bf3 Bc6 45. Bd1 b6 46. h4 Ka6 47. Bc2 Kb7 48. Kd4 Kc7 49. Bf5 Kd6 50. Bg4 Ba4 51. Bh3 Bb3 52. Bg4 Be6 53. Bh5 Bd7 54. Bf7 Bc6 55. Bc4 f5 56. Bb3 Bb5 57. Bd5 Be2 58. Bb3 Bf3 59. Bc4 Bb7 60. Bb3 Bc6 61. Bc4 f4 62. Bb3 Ke7 63. Ke5 f3 64. Bc4 f2 65. Bf1 Be8 66. Bc4 Bd7 67. Bf1 Be8 68. Bc4 Ba4 69. Bd3 Bd1 70. Bc4 Ba4 71. Bd3 Kd7 72. Kf4 Kc6 73. Kf3 Kc5 74. Kxf2 Kd4 75. Ke2 Kc3 0-1

[Event "Creon op 11th"]
[Site "Creon"]
[Date "2006.08.05"]
[Round "8"]
[White "Farnault, Eric"]
[Black "Frick, Christoph"]
[Result "1/2-1/2"]
[WhiteElo "1998"]
[BlackElo "2230"]
[PlyCount "57"]
[EventDate "2006.07.31"]
[EventType "swiss"]
[EventRounds "9"]
[EventCountry "FRA"]
[SourceTitle "CBM 113 Extra"]
[Source "ChessBase"]
[SourceDate "2006.09.14"]
[SourceVersion "1"]
[SourceVersionDate "2006.09.14"]
[SourceQuality "1"]

1. e4 g6 2. d4 Bg7 3. Nc3 d6 4. f4 a6 5. Nf3 b5 6. Bd3 Nd7 7. e5 c5 8. exd6 exd6 9. 0-0 Ne7 10. Ne4 Qc7 11. c3 0-0 12. Ng3 Bb7 13. f5 Bxf3 14. Qxf3 cxd4 15. Be4 Rae8 16. Bg5 f6 17. Bd2 Ne5 18. Qf2 dxc3 19. Bxc3 d5 20. Bc2 Bh6 21. Bb3 Ng4 22. Qf3 gxf5 23. h3 Ne3 24. Rfe1 f4 25. Nh5 Qd6 26. a3 N7f5 27. Bb4 Qe5 28. Bc3 Qd6 29. Bb4 1/2-1/2

[Event "Barcelona Sants op 07th"]
[Site "Barcelona"]
[Date "2005.08.27"]
[Round "1"]
[White "Farnault, Eric"]
[Black "Al Sayed, Mohammed"]
[Result "0-1"]
[WhiteElo "2033"]
[BlackElo "2478"]
[PlyCount "78"]
[EventDate "2005.08.27"]
[EventType "swiss"]
[EventRounds "10"]
[EventCountry "ESP"]
[SourceTitle "CBM 108 Extra"]
[Source "ChessBase"]
[SourceDate "2005.11.04"]
[SourceVersion "1"]
[SourceVersionDate "2005.11.04"]
[SourceQuality "1"]

1. e4 c5 2. Nf3 Nc6 3. d4 cxd4 4. Nxd4 Nf6 5. Nc3 e5 6. Ndb5 d6 7. Bg5 a6 8. Na3 b5 9. Bxf6 gxf6 10. Nd5 f5 11. Bxb5 axb5 12. Nxb5 Ra4 13. Nbc7+ Kd7 14. 0-0 Qg5 15. c4 Rxc4 16. Nb6+ Kxc7 17. Nxc4 Nd4 18. f4 Qg4 19. Qxg4 fxg4 20. fxe5 Be6 21. exd6+ Bxd6 22. Nxd6 Kxd6 23. a4 Nb3 24. Ra3 Ra8 25. e5+ Kc5 26. Rf6 Kc4 27. Rf4+ Kd3 28. Rf2 Ra5 29. h3 h5 30. hxg4 hxg4 31. Rf6 Kc2 32. Rf2+ Kb1 33. Kh2 Rxe5 34. a5 Re3 35. g3 Bd5 36. a6 Re1 37. Rg2 Nd2 38. Rd3 Nf3+ 39. Rxf3 gxf3 0-1